00364nam a2200145Ia 4500008004100000020001500041041000800056082001600064100001500080245005000095250000600145260004500151300001300196650000900209210716s2003 xx 000 0 und d a0195668847 aeng a651.75 ASHA aAshley, A. aOxford handbook of commercial correspondence. a1 aNew DelhibOxford University Pressc2003 a304/2009 aNone